LIBRARY & INFORMATION CENTRE, KCAET, TAVANUR

ONLINE PUBLIC ACCESS CATALOGUE (OPAC)

Food packaging (Record no. 13768)

MARC details
000 -LEADER
fixed length control field 00312nam a22001337a 4500
020 ## - INTERNATIONAL STANDARD BOOK NUMBER
ISBN 9788170355427
082 ## - DEWEY DECIMAL CLASSIFICATION NUMBER
Classification number 664.092
Item number KHE/FO
100 ## - MAIN ENTRY--AUTHOR NAME
Personal name Khetarpaul, Neelam
245 ## - TITLE STATEMENT
Title Food packaging
260 ## - PUBLICATION, DISTRIBUTION, ETC. (IMPRINT)
Place of publication New Delhi
Name of publisher Daya Publishing House
Year of publication 2012
300 ## - PHYSICAL DESCRIPTION
Number of Pages ix+328p
700 ## - ADDED ENTRY--PERSONAL NAME
Personal name Punia, Darshan
942 ## - ADDED ENTRY ELEMENTS (KOHA)
Koha item type Books
Holdings
Withdrawn status Lost status Damaged status Collection code Home library Current library Shelving location Date acquired Source of acquisition Cost, normal purchase price Full call number Accession Number Koha item type
      Non-fiction KAUAET KAUAET General Stacks 31/03/2012 Penta Book Distributors, Calicut 900.00 664.092 KHE/FO 22646 Books
free website counter